[Event "Airthings Masters - Preliminari"]
[Site "Internet"]
[Date "19.02.2022"]
[Round "4"]
[White "Aronian, Levon"]
[Black "Niemann, Hans Moke"]
[Result "0-1"]
[WhiteElo "2772"]
[BlackElo "2642"]
[EventDate "19.02.2022"]

1. e4 e5 2. Nf3 Nc6 3. Bc4 Nf6 4. d3 Bc5 5. Nc3 h6 6. h3 a6 7. a4 d6 8. Be3
Bxe3 9. fxe3 Be6 10. b3 O-O 11. O-O Re8 12. Qd2 Ne7 13. Bxe6 fxe6 14. d4
Ng6 15. Qf2 Kh7 16. Rad1 Qe7 17. Qg3 exd4 18. exd4 e5 19. Kh2 Rf8 20. dxe5
dxe5 21. Nd5 Nxd5 22. Rxd5 c6 23. Rd2 Rad8 24. Rxd8 Rxd8 25. Qg4 Rf8 26.
Rd1 Rf4 27. Qd7 Rxe4 28. Qxe7 Nxe7 29. Rd7 Nf5 30. g4 Re2+ 31. Kg1 Nd4 32.
Nxe5 Nxc2 33. Nf3 Re3 34. Nh4 Rxb3 35. Nf5 Kg6 36. h4 Ne3 37. h5+ Kf6 38.
Nxe3 Rxe3 39. Rxb7 Rg3+ 40. Kf2 Rxg4 41. Rb6 Rxa4 42. Rxc6+ Kg5 43. Rg6+
Kxh5 44. Rxg7 a5 45. Kf3 Rb4 46. Ra7 Rb5 47. Rg7 Rf5+ 48. Ke4 Rg5 49. Rh7
a4 50. Ra7 Rg4+ 51. Kf3 Rb4 52. Ra5+ Kh4 53. Rc5 h5 54. Ra5 Rg4 55. Ke2 Rf4
56. Ke3 Kg4 57. Ra8 Rb4 58. Rg8+ Kh3 59. Kf3 Rb3+ 60. Kf2 a3 61. Rg5 h4 62.
Ra5 Kh2 63. Ra4 h3 0-1

[Event "Airthings Masters - Preliminari"]
[Site "Internet"]
[Date "19.02.2022"]
[Round "4"]
[White "Mamedyarov, Shakhriyar"]
[Black "Keymer, Vincent"]
[Result "0-1"]
[WhiteElo "2767"]
[BlackElo "2664"]
[EventDate "19.02.2022"]

1. d4 Nf6 2. c4 e6 3. Nf3 d5 4. Nc3 c5 5. cxd5 Nxd5 6. e4 Nxc3 7. bxc3 cxd4
8. cxd4 Bb4+ 9. Bd2 Bxd2+ 10. Qxd2 O-O 11. Bc4 Nd7 12. O-O b6 13. Rfe1 Bb7
14. Rad1 Rc8 15. Bb3 h6 16. Qf4 Qc7 17. Qh4 Nf6 18. Ne5 Rfd8 19. f3 b5 20.
Qf2 a5 21. a4 b4 22. h4 Nd7 23. Ng4 Qf4 24. g3 Qb8 25. Re3 Ba6 26. f4 h5
27. f5 Bc4 28. Nh2 Bxb3 29. Rxb3 exf5 30. Qxf5 Rc3 31. Rb2 Nf8 32. Kh1 Rxg3
33. Qxa5 Qf4 34. Qf5 Qxh4 35. Rf1 Qe7 36. Nf3 g6 37. Qa5 b3 38. Kh2 Rg4 39.
Qe5 Qd7 40. Rxb3 Re8 41. Qd5 Qc7+ 42. Kh1 Qg3 43. Rb2 Rf4 44. e5 Ne6 45.
Rg2 Qh3+ 46. Kg1 Rd8 47. Qb7 Nxd4 48. Qb6 Rd7 49. e6 Nxf3+ 50. Rxf3 Rd1+
0-1

[Event "Airthings Masters - Preliminari"]
[Site "Internet"]
[Date "19.02.2022"]
[Round "4"]
[White "Giri, Anish"]
[Black "Kosteniuk, Alexandra"]
[Result "1-0"]
[WhiteElo "2772"]
[BlackElo "2516"]
[EventDate "19.02.2022"]

1. e4 e5 2. Nf3 Nc6 3. Bb5 a6 4. Ba4 Nf6 5. O-O Be7 6. d3 b5 7. Bb3 d6 8.
a4 b4 9. a5 O-O 10. Nbd2 Be6 11. Nc4 Nd7 12. Be3 Bg4 13. h3 Bh5 14. g4 Bg6
15. Kh2 Kh8 16. Rg1 Nc5 17. Bxc5 dxc5 18. Kh1 f6 19. Ne3 Nd4 20. Nxd4 cxd4
21. Nf5 Bf7 22. Qd2 c5 23. Bxf7 Rxf7 24. b3 Bf8 25. Ng3 Rb8 26. f4 exf4 27.
Qxf4 Bd6 28. Qf3 Qe8 29. Nf1 Qe5 30. Rg2 Qf4 31. Rf2 Qxf3+ 32. Rxf3 g6 33.
Nd2 Kg7 34. Nc4 Bc7 35. h4 Rbf8 36. Raf1 Bd8 37. Kg2 Be7 38. Kh3 Bd8 39.
Nd6 Re7 40. g5 Re6 41. Nc4 Be7 42. Kg4 h5+ 43. gxh6+ Kxh6 44. Rh1 Rg8 45.
Kh3 Bd8 46. Rhf1 Rh8 47. Kg4 Kg7 48. Rh3 Rh5 49. Rf5 gxf5+ 50. exf5 Re2 51.
Kxh5 Rxc2 52. Rg3+ Kh7 53. Rg1 Re2 54. Kg4 Bc7 55. Kf3 Re8 56. h5 Bd8 57.
Rg6 Re1 58. h6 Re8 59. Rg7+ Kxh6 60. Ra7 Kg5 61. Rxa6 Bc7 62. Rc6 Bf4 63.
Rxc5 Rh8 64. a6 Rh3+ 65. Ke4 Rh4 66. Rc8 1-0

[Event "Airthings Masters - Preliminari"]
[Site "Internet"]
[Date "19.02.2022"]
[Round "4"]
[White "Carlsen, Magnus"]
[Black "Nepomniachtchi, Ian"]
[Result "0-1"]
[WhiteElo "2865"]
[BlackElo "2773"]
[EventDate "19.02.2022"]

1. d4 Nf6 2. c4 e6 3. Nf3 d5 4. g3 Be7 5. Bg2 O-O 6. O-O dxc4 7. Na3 Bxa3
8. bxa3 Bd7 9. a4 Bc6 10. Ba3 Re8 11. Qc2 Nbd7 12. Rac1 Bd5 13. Rfe1 Rc8
14. e4 Bc6 15. Nd2 c3 16. Nb1 Nb6 17. a5 Na4 18. Nxc3 Qxd4 19. Nxa4 Qxa4
20. Qxa4 Bxa4 21. Bb2 b6 22. Bf1 c5 23. f3 Red8 24. Ba6 Rc6 25. Be5 Nd7 26.
Bf4 e5 27. Be3 Rd6 28. Rb1 Nf8 29. f4 Bc2 30. fxe5 Rg6 31. Rb2 Bxe4 32. Rf1
Rd7 33. e6 Nxe6 34. axb6 axb6 35. Rxb6 h5 36. Bc4 h4 37. Bxe6 fxe6 38. Rb8+
Kh7 39. Rf4 Rd1+ 40. Kf2 Rf6 41. Bxc5 Rxf4+ 42. gxf4 Bd5 43. Rb2 Rd3 44.
Ke1 Kg6 45. a4 Rc3 46. Bd6 Rc1+ 47. Kd2 Ra1 48. Be5 Rxa4 49. Rb1 Ra2+ 50.
Rb2 Ra7 51. Rb1 Kf5 52. Ra1 Rd7 53. Rg1 Bg2+ 54. Ke3 h3 55. Bd4 Rb7 56. Rc1
Bd5 57. Rg1 Rb3+ 58. Kd2 g6 59. Rg5+ Ke4 60. Be5 Rf3 61. Ke1 Bc4 62. Rxg6
Rf1+ 63. Kd2 Rf2+ 64. Kc3 Bd5 65. Rh6 Rxh2 66. Kb4 Kf5 67. Kc5 Rc2+ 68. Kd6
h2 0-1

[Event "Airthings Masters - Preliminari"]
[Site "Internet"]
[Date "19.02.2022"]
[Round "4"]
[White "Abdusattorov, Nodirbek"]
[Black "Esipenko, Andrey"]
[Result "1/2-1/2"]
[WhiteElo "2651"]
[BlackElo "2714"]
[EventDate "19.02.2022"]

1. c4 e5 2. Nc3 Bb4 3. Nd5 Be7 4. e3 Nf6 5. Ne2 Nxd5 6. cxd5 c6 7. Nc3 O-O
8. d4 exd4 9. Qxd4 Bf6 10. Qd1 Re8 11. Bd3 Na6 12. Ne4 cxd5 13. Nxf6+ Qxf6
14. O-O Nc5 15. Bb5 b6 16. Qxd5 Bb7 17. Qd4 Qg6 18. f3 Bc6 19. Be2 d5 20.
Bd2 Ne6 21. Qd3 Qf6 22. Rac1 Rac8 23. Qa3 a5 24. Ba6 Rc7 25. Qb3 Bb7 26.
Bxb7 Rxb7 27. Bxa5 d4 28. Bd2 dxe3 29. Bxe3 Nd4 30. Qc4 Rd7 31. Rfe1 h6 32.
Bf2 Red8 33. a4 Rd5 34. b4 Rg5 35. Bg3 h5 36. Kh1 Nf5 37. Bf4 Rg6 38. Qc7
Ra8 39. Qe5 Nh4 40. Qxf6 gxf6 41. g3 Nxf3 42. Re3 Ne5 43. Ra3 Ng4 44. a5
bxa5 45. Rxa5 Re8 46. Ra2 Ne5 47. Rd1 Rb8 48. Rd4 h4 49. Kg2 hxg3 50. hxg3
Kh7 51. Ra7 Rgg8 52. Ra6 Kg7 53. Re4 Rb7 54. Rd6 Rc8 55. Rd5 Rc2+ 56. Rd2
Rc4 57. Rdd4 Rxd4 58. Rxd4 Nc6 59. Rd6 Nxb4 60. Bd2 Rb5 61. Bxb4 Rxb4 62.
Kf3 Kg6 63. Rd7 f5 64. Ra7 f6 65. Rc7 1/2-1/2

[Event "Airthings Masters - Preliminari"]
[Site "Internet"]
[Date "20.02.2022"]
[Round "5"]
[White "Esipenko, Andrey"]
[Black "Artemiev, Vladislav"]
[Result "0-1"]
[WhiteElo "2714"]
[BlackElo "2700"]
[EventDate "2022.02.19"]

1. e4 e5 2. Nf3 Nc6 3. Bc4 Nf6 4. d3 Be7 5. O-O O-O 6. Nc3 d6 7. a4 a5 8.
Re1 Re8 9. h3 h6 10. Be3 Bf8 11. d4 exd4 12. Nxd4 Nb4 13. Bb3 c6 14. Bf4
Bd7 15. Qd2 Rc8 16. Nf3 Be6 17. Bxe6 fxe6 18. Rad1 e5 19. Bg3 Qc7 20. Bh4
Nh5 21. Ne2 Qf7 22. Nh2 Qc4 23. Nc3 d5 24. b3 Qd4 25. Nf3 Qxd2 26. Rxd2 g5
27. Bg3 Nxg3 28. fxg3 d4 29. Nd1 Na6 30. Rde2 d3 31. cxd3 Nc5 32. Ne3 b5
33. axb5 cxb5 34. Rb1 Nxd3 35. Nd5 Re6 36. Ra2 Ra6 37. Raa1 Nc5 38. Rc1 Rd8
39. Nc7 Ra7 40. Nxb5 Rb7 41. Nc3 Nxb3 42. Rab1 Rb4 43. Rf1 Nd2 44. Nxd2
Rxd2 45. Nd5 Rxb1 46. Rxb1 a4 47. Rb7 Bc5+ 48. Kh2 Kf8 49. Nf6 Bd4 50. Nh7+
Ke8 51. Rb8+ Ke7 52. Ra8 Ra2 53. Ra6 a3 54. Nf6 Ra1 55. h4 a2 56. Nd5+ Kd7
57. hxg5 hxg5 58. g4 Bg1+ 59. Kh3 Bc5 60. Kh2 Bg1+ 61. Kh3 Be3 62. Kh2 Bd2
63. g3 Kc8 64. Kg2 Kb7 65. Ra3 Kc6 66. Kf2 Kc5 67. Ra4 Kb5 68. Ra8 Ba5 69.
Rb8+ Ka4 0-1

[Event "Airthings Masters - Preliminari"]
[Site "Internet"]
[Date "20.02.2022"]
[Round "5"]
[White "Nepomniachtchi, Ian"]
[Black "Abdusattorov, Nodirbek"]
[Result "1-0"]
[WhiteElo "2773"]
[BlackElo "2651"]
[EventDate "2022.02.19"]

1. e4 e5 2. Nf3 Nc6 3. Bc4 Bc5 4. O-O Nf6 5. d3 O-O 6. h3 d5 7. exd5 Nxd5
8. Nbd2 Be6 9. Ne4 Bb6 10. a4 f6 11. b4 a6 12. a5 Ba7 13. Bd2 Kh8 14. Re1
Nce7 15. Nc5 Bxc5 16. bxc5 Bf7 17. Rb1 Qc8 18. d4 Bh5 19. g4 Bxg4 20. hxg4
Qxg4+ 21. Kh1 Rad8 22. Rg1 Qf5 23. Qe2 Nc6 24. Rg2 Nf4 25. Bxf4 Qxf4 26. d5
e4 27. Nh2 Ne5 28. Bb3 Nf3 29. Qe3 Qh4 30. c4 f5 31. Bd1 Rfe8 32. Qc3 Rd7
33. Rxb7 e3 34. fxe3 Nxh2 35. Rxh2 Qe4+ 36. Rg2 Qh4+ 37. Kg1 f4 38. e4 Qe7
39. c6 Qc5+ 40. Kh1 Rf7 41. Bh5 f3 42. Bxf7 fxg2+ 43. Kxg2 Rf8 44. Rxc7 Qd6
45. Qg3 Qh6 46. Rb7 Qd2+ 47. Kh3 Qe2 48. Qxg7+ 1-0

[Event "Airthings Masters - Preliminari"]
[Site "Internet"]
[Date "20.02.2022"]
[Round "5"]
[White "Kosteniuk, Alexandra"]
[Black "Carlsen, Magnus"]
[Result "0-1"]
[WhiteElo "2516"]
[BlackElo "2865"]
[EventDate "2022.02.19"]

1. e4 c5 2. Nf3 e6 3. c3 d5 4. exd5 exd5 5. d4 Nc6 6. Bb5 Bd6 7. O-O Nf6 8.
dxc5 Bxc5 9. Nd4 O-O 10. Be3 Qd6 11. h3 Bb6 12. Nd2 Nxd4 13. cxd4 Bf5 14.
Nf3 Rac8 15. Bd3 Ne4 16. Qb3 Rce8 17. Ne5 f6 18. Nf3 g5 19. Rfc1 h5 20. Nd2
Kg7 21. Bxe4 Bxe4 22. Nxe4 Rxe4 23. a4 Rf7 24. Rc8 Bc7 25. Rc1 Qh2+ 26. Kf1
Bf4 27. Qxd5 Qh1+ 28. Ke2 Qxg2 29. Kd1 Qf3+ 30. Kc2 Rxe3 0-1

[Event "Airthings Masters - Preliminari"]
[Site "Internet"]
[Date "20.02.2022"]
[Round "5"]
[White "Keymer, Vincent"]
[Black "Giri, Anish"]
[Result "1-0"]
[WhiteElo "2664"]
[BlackElo "2772"]
[EventDate "2022.02.19"]

1. d4 Nf6 2. c4 e6 3. Nf3 d5 4. Nc3 Bb4 5. Qa4+ Nc6 6. e3 O-O 7. Qc2 Re8 8.
Bd2 a6 9. a3 Bd6 10. h3 Bd7 11. Rd1 h6 12. c5 Bf8 13. Be2 e5 14. O-O Qc8
15. Bc1 Bf5 16. Qb3 e4 17. Nh4 Be6 18. f3 Ne7 19. fxe4 Nxe4 20. Nxe4 dxe4
21. Bc4 c6 22. Rxf7 Kxf7 23. Rf1+ Nf5 24. Rxf5+ Kg8 25. Ng6 Bxc4 26. Qxc4+
Kh7 27. Qf7 Be7 28. b4 Qd8 29. Ne5 Rf8 30. Qg6+ Kg8 31. Nf7 Qe8 32. Nxh6+
Kh8 33. Nf7+ Kg8 34. Rh5 Rxf7 35. Qh7+ 1-0

[Event "Airthings Masters - Preliminari"]
[Site "Internet"]
[Date "20.02.2022"]
[Round "5"]
[White "Niemann, Hans Moke"]
[Black "Mamedyarov, Shakhriyar"]
[Result "1/2-1/2"]
[WhiteElo "2642"]
[BlackElo "2767"]
[EventDate "2022.02.19"]

1. c4 e5 2. g3 g6 3. d4 d6 4. Bg2 Bg7 5. dxe5 dxe5 6. Qxd8+ Kxd8 7. Nc3 c6
8. Nf3 h6 9. Nd2 Kc7 10. b3 Nf6 11. Bb2 Rd8 12. O-O-O Bf5 13. h3 Na6 14. g4
Be6 15. Nf3 Ne8 16. Ne4 f6 17. Nh4 Bf7 18. Ba3 Rxd1+ 19. Rxd1 Rd8 20. Rxd8
Kxd8 21. Ng3 Nac7 22. Be4 g5 23. Nhf5 Ne6 24. Be7+ Kd7 25. Nxg7 N6xg7 26.
Bc5 b6 27. Bf8 h5 28. e3 h4 29. Nf1 Ne6 30. Ba3 Nd6 31. Nd2 Kc7 32. Bd3 Be8
33. Bxd6+ Kxd6 34. Ne4+ Ke7 35. Nc3 Nc5 36. Bc2 a5 37. a3 Bf7 38. Kb2 Be6
39. f3 Kd7 40. Nd1 Nb7 41. Kc3 Nd6 42. Bd3 b5 43. c5 Ne8 44. Nf2 Nc7 45.
Be4 Bd5 46. Nd3 Na6 47. Bf5+ Ke7 48. Be4 Nb8 49. b4 a4 50. Bxd5 cxd5 51.
Nc1 Nc6 52. Ne2 Ke6 53. Kd3 e4+ 54. fxe4 Ne5+ 55. Kd2 Nc4+ 56. Kd3 Ne5+ 57.
Kc2 dxe4 58. Nd4+ Kd7 59. Kd1 Nc4 60. Nxb5 Nxe3+ 61. Ke2 Nd5 62. Nd6 Nxb4
63. Nxe4 Nd5 64. Kd3 Kc6 65. Kc4 Nf4 66. Nxf6 Nxh3 67. Ne4 Ng1 68. Nxg5 h3
69. Nxh3 Nxh3 70. Kb4 Ng5 71. Kxa4 Kxc5 72. Kb3 1/2-1/2

[Event "Airthings Masters - Preliminari"]
[Site "Internet"]
[Date "20.02.2022"]
[Round "5"]
[White "Praggnanandhaa, Rameshbabu"]
[Black "Aronian, Levon"]
[Result "1-0"]
[WhiteElo "2612"]
[BlackElo "2772"]
[EventDate "2022.02.19"]

1. d4 Nf6 2. c4 e6 3. Nf3 d5 4. Nc3 Bb4 5. Qa4+ Nc6 6. e3 O-O 7. Bd2 Re8 8.
a3 Bf8 9. Be2 dxc4 10. Bxc4 h6 11. Rd1 e5 12. d5 Nb8 13. e4 Bg4 14. Be2
Nbd7 15. h3 Bh5 16. Be3 Bc5 17. Bxc5 Nxc5 18. Qc4 b6 19. O-O Bg6 20. Nd2 a6
21. Bf3 Qe7 22. Rc1 Red8 23. Qe2 a5 24. b3 Ne8 25. Nb5 f6 26. Bg4 Bf7 27.
Rc3 g6 28. h4 Ng7 29. h5 gxh5 30. Bh3 Be8 31. b4 axb4 32. axb4 Na6 33. Rfc1
Qxb4 34. Nxc7 Nxc7 35. Rxc7 Ra2 36. Qf3 Qf8 37. Nc4 Ra4 38. Ne3 Bg6 39. Bf5
Nxf5 40. Nxf5 Kh8 41. d6 b5 42. Nxh6 Rxd6 43. Rc8 Rd8 44. Nf7+ Qxf7 45.
Rxd8+ Kg7 46. Qd1 Ra7 47. f3 b4 48. Rb8 Rb7 49. Qd8 Rxb8 50. Qxb8 Qb3 51.
Qa7+ Bf7 52. Rc7 Qe6 53. Rb7 b3 54. Qc5 Qe8 55. Qc7 Kg6 56. Kh2 Qf8 57. Rb6
Kg7 58. Rb8 Qa3 59. Rb7 Qf8 60. Rb6 Qh8 61. Qe7 Qh6 62. Rb7 Qg6 63. g3 h4
64. g4 b2 65. Kh3 Kh6 66. Rxb2 Bc4 67. Qb4 Bf1+ 68. Kxh4 Qg5+ 69. Kg3 Qf4+
70. Kf2 Bc4 71. Qd2 Qxd2+ 72. Rxd2 Kg5 73. Kg3 Bb3 74. Rd7 Kg6 75. f4 exf4+
76. Kxf4 Be6 77. Rb7 Bc8 78. Re7 Ba6 79. Re6 Bc8 80. Rc6 1-0

[Event "Airthings Masters - Preliminari"]
[Site "Internet"]
[Date "20.02.2022"]
[Round "5"]
[White "Le Quang Liem"]
[Black "Duda, Jan-Krzysztof"]
[Result "1-0"]
[WhiteElo "2709"]
[BlackElo "2760"]
[EventDate "2022.02.19"]

1. d4 d5 2. c4 e6 3. Nf3 a6 4. cxd5 exd5 5. Nc3 Nf6 6. Bg5 Be6 7. e3 Nbd7
8. Bd3 Bd6 9. h3 c6 10. O-O Qc7 11. Qd2 O-O 12. Rfe1 h6 13. Bf4 Rfe8 14.
Rac1 Rad8 15. b3 Qb8 16. Bxd6 Qxd6 17. Qb2 g6 18. Nd2 Nh5 19. Na4 Ng7 20.
b4 Nf6 21. Nc5 Re7 22. a4 Bf5 23. b5 axb5 24. axb5 Rb8 25. Rb1 Ree8 26.
Rec1 Bxd3 27. Nxd3 Nf5 28. Qb4 Ne4 29. Nxe4 dxe4 30. Ne5 Qxb4 31. Rxb4 cxb5
32. Nd7 Rec8 33. Rcb1 Nd6 34. Nxb8 Rxb8 35. Rc1 Kf8 36. f3 Re8 37. Kf2 exf3
38. gxf3 Ra8 39. Rc2 Ra3 40. e4 g5 41. e5 Nf5 42. d5 Rd3 43. Rxb5 Nd4 44.
Rc8+ Kg7 45. Rxb7 Rxf3+ 46. Kg2 Kg6 47. e6 fxe6 48. dxe6 1-0

[Event "Airthings Masters - Preliminari"]
[Site "Internet"]
[Date "20.02.2022"]
[Round "6"]
[White "Artemiev, Vladislav"]
[Black "Ding Liren"]
[Result "0-1"]
[WhiteElo "2700"]
[BlackElo "2799"]
[EventDate "2022.02.19"]

1. c4 e5 2. Nc3 Nf6 3. e3 Nc6 4. a3 d5 5. cxd5 Nxd5 6. Qc2 Nxc3 7. dxc3 Bd6
8. Nf3 O-O 9. e4 f5 10. Bd3 f4 11. b4 a5 12. Bb2 Kh8 13. Rd1 Qe7 14. Be2
Be6 15. O-O Rf6 16. Qa4 g5 17. Nxg5 Bd7 18. b5 Rg8 19. Nf3 Nd8 20. Kh1 Bg4
21. c4 Bxf3 22. Bxf3 Rh6 23. g3 fxg3 24. fxg3 Rxg3 25. Qc2 Ne6 26. c5 Nxc5
27. b6 cxb6 28. Rf2 Rg8 29. Qd2 Rhg6 30. Rg2 Nb3 31. Qe3 Rxg2 32. Bxg2 Qg7
33. Qg3 Nd4 34. Qxg7+ Kxg7 35. Bxd4 exd4 36. Rxd4 Bxa3 37. e5 Re8 38. Rd7+
Kh6 39. Rxb7 Bc5 40. Be4 Rxe5 41. Rxh7+ Kg5 42. Bc6 Re2 43. Rf7 Ra2 44.
Rg7+ Kf6 45. Rg4 Kf5 46. Bd7+ Ke5 47. h4 Kd6 48. Be8 Re2 49. Rg6+ Kd5 50.
Bc6+ Kc4 51. h5 Bd4 52. Rg4 Re6 53. Bd7 Rd6 54. Be8 b5 55. Rg5 Rb6 56. Kg2
a4 57. h6 a3 58. h7 b4 59. Bf7+ Kc3 60. Rg4 Rh6 61. Bg8 Rxh7 62. Rg3+ Kb2
63. Bxh7 a2 64. Rd3 a1=Q 65. Rxd4 b3 66. Be4 Qe1 67. Kf3 Kc3 68. Rd3+ Kc4
69. Rd7 Qh1+ 70. Kf4 Qh2+ 71. Kg4 Qg1+ 72. Kf5 Qc5+ 73. Kg4 b2 74. Rd1 Qe5
75. Bd3+ Kc3 0-1

[Event "Airthings Masters - Preliminari"]
[Site "Internet"]
[Date "20.02.2022"]
[Round "6"]
[White "Aronian, Levon"]
[Black "Le Quang Liem"]
[Result "1/2-1/2"]
[WhiteElo "2772"]
[BlackElo "2709"]
[EventDate "2022.02.19"]

1. e4 e5 2. Nf3 Nc6 3. Bc4 Nf6 4. d3 h6 5. c3 d6 6. Nbd2 g6 7. O-O Bg7 8.
Re1 O-O 9. a4 a6 10. Nf1 Re8 11. Bb3 Be6 12. Bc2 d5 13. exd5 Nxd5 14. Bd2
f5 15. Ng3 Qd6 16. Qc1 Qf8 17. b4 Bf7 18. b5 axb5 19. axb5 Na5 20. Ra4 c5
21. h4 c4 22. h5 cxd3 23. hxg6 Bxg6 24. Bxd3 e4 25. Nh4 Bh7 26. Nhxf5 Nb3
27. Qd1 Nxd2 28. Rxa8 Rxa8 29. Bxe4 Nxc3 30. Qxd2 Rd8 31. Qf4 Re8 32. Re3
Kh8 33. b6 Bd4 34. Qc7 Nxe4 35. Rxe4 Rxe4 36. Nxe4 Bxf5 37. Qxb7 Bxe4 38.
Qxe4 Qxf2+ 39. Kh2 Bxb6 40. Qe8+ Kg7 41. Qe7+ Qf7 42. Qxf7+ Kxf7 43. g4 Kg6
44. Kh1 Kg5 45. Kg2 Kh4 46. Kh2 Bc7+ 47. Kg2 Bb8 48. Kh1 Kh3 49. Kg1 Kg3
50. Kh1 Kf2 51. g5 hxg5 1/2-1/2

[Event "Airthings Masters - Preliminari"]
[Site "Internet"]
[Date "20.02.2022"]
[Round "6"]
[White "Mamedyarov, Shakhriyar"]
[Black "Praggnanandhaa, Rameshbabu"]
[Result "1-0"]
[WhiteElo "2767"]
[BlackElo "2612"]
[EventDate "2022.02.19"]

1. d4 Nf6 2. Nc3 d5 3. Bf4 c5 4. e4 Nxe4 5. Nxe4 dxe4 6. dxc5 Qa5+ 7. c3
Qxc5 8. Qa4+ Nc6 9. Qxe4 Bf5 10. Qa4 Qb6 11. O-O-O e6 12. Nf3 Be7 13. g4
Bg6 14. h4 Qxf2 15. Rh2 Qxf3 16. Bg2 Bc2 17. Kxc2 Qf2+ 18. Kb1 Qb6 19. Be4
O-O 20. Qc2 h6 21. g5 h5 22. Rd7 Qg1+ 23. Bc1 Bc5 24. Rg2 Qe1 25. Rxb7 Rac8
26. g6 f5 27. Re2 Qxh4 28. Bf3 Qg3 29. Bxh5 Ne5 30. Qd2 Rcd8 31. Rxg7+ Kxg7
32. Qh6+ Kf6 33. g7+ Ke7 34. gxf8=Q+ Rxf8 35. Qg5+ Qxg5 36. Bxg5+ Kd6 37.
Bf4 1-0

[Event "Airthings Masters - Preliminari"]
[Site "Internet"]
[Date "20.02.2022"]
[Round "6"]
[White "Giri, Anish"]
[Black "Niemann, Hans Moke"]
[Result "1-0"]
[WhiteElo "2772"]
[BlackElo "2642"]
[EventDate "2022.02.19"]

1. e4 e5 2. Nf3 Nc6 3. Bb5 a6 4. Ba4 Nf6 5. O-O Nxe4 6. d4 b5 7. Bb3 d5 8.
dxe5 Be6 9. c3 Be7 10. Bc2 O-O 11. Nbd2 f5 12. exf6 Nxf6 13. Re1 Qd6 14.
Nf1 Rae8 15. Ng3 Bg4 16. h3 Bc8 17. b4 Qd8 18. Bg5 d4 19. Nxd4 Nxd4 20.
cxd4 Bxb4 21. Bxh7+ Kxh7 22. Qb1+ Kg8 23. Qxb4 Bb7 24. Re5 Qd6 25. Qb3+ Kh8
26. Bxf6 Rxe5 27. Bxe5 1-0

[Event "Airthings Masters - Preliminari"]
[Site "Internet"]
[Date "20.02.2022"]
[Round "6"]
[White "Carlsen, Magnus"]
[Black "Keymer, Vincent"]
[Result "1-0"]
[WhiteElo "2865"]
[BlackElo "2664"]
[EventDate "2022.02.19"]

1. g3 d5 2. Nf3 Bg4 3. Bg2 c6 4. h3 Bh5 5. O-O Nd7 6. d3 Ngf6 7. Qe1 e6 8.
e4 Be7 9. e5 Ng8 10. d4 Bg6 11. Qe2 h5 12. c4 dxc4 13. Qxc4 Nb6 14. Qe2 Nh6
15. Bxh6 Rxh6 16. Nc3 Kf8 17. Rfd1 Bf5 18. Rac1 g5 19. Nh2 Kg7 20. Nf1 Qd7
21. Ne3 Bg6 22. Ne4 Nd5 23. Nc5 Bxc5 24. Rxc5 Ne7 25. b4 a6 26. a4 Rah8 27.
b5 axb5 28. axb5 h4 29. g4 Bh7 30. bxc6 bxc6 31. Qd2 Ng6 32. Bxc6 Qe7 33.
Ng2 Rd8 34. Rdc1 Nf8 35. Bf3 Rg6 36. Ne3 Nd7 37. Ra5 Kh8 38. Nc4 f6 39. Qe3
Rg7 40. Ra7 Qf8 41. Nd6 fxe5 42. dxe5 Qf4 43. Qxf4 gxf4 44. Rcc7 Bg8 45.
Be4 f3 46. Kh2 Re7 47. Bxf3 Nxe5 48. Rxe7 Nxf3+ 49. Kg2 Ne5 50. Ne4 Ng6 51.
Nf6 Nxe7 52. Rxe7 1-0

[Event "Airthings Masters - Preliminari"]
[Site "Internet"]
[Date "20.02.2022"]
[Round "6"]
[White "Abdusattorov, Nodirbek"]
[Black "Kosteniuk, Alexandra"]
[Result "1-0"]
[WhiteElo "2651"]
[BlackElo "2516"]
[EventDate "2022.02.19"]

1. c4 c5 2. g3 Nf6 3. Bg2 d5 4. cxd5 Nxd5 5. Nc3 Nc7 6. d3 e5 7. Be3 Be7 8.
Rc1 Nd7 9. Nf3 O-O 10. O-O b6 11. Qa4 Rb8 12. Rfd1 h6 13. a3 a5 14. Nb5
Nxb5 15. Qxb5 Bd6 16. Nd2 Re8 17. Nc4 Bc7 18. b4 axb4 19. axb4 f5 20. Bd2
Kh8 21. Ra1 Nf8 22. bxc5 bxc5 23. Qxc5 Ne6 24. Qd5 Qf6 25. Ra7 Rd8 26. Qf3
e4 27. Qh5 exd3 28. exd3 Rxd3 29. Re1 Bd7 30. Bf1 Rxd2 31. Nxd2 Qd4 32. Ra2
f4 33. Nf3 Qf6 34. Qd5 Rd8 35. Ra8 Rxa8 36. Qxa8+ Nf8 37. Nh4 fxg3 38. hxg3
Bd6 39. Bd3 g5 40. Ng6+ Kg7 41. Nxf8 Bxf8 42. Qe4 Bc5 43. Re2 Bc6 44. Qh7+
Kf8 45. Rc2 Bb6 46. Be4 Bxe4 47. Rc8+ Bd8 48. Qxe4 Kg7 49. Qd5 1-0

[Event "Airthings Masters - Preliminari"]
[Site "Internet"]
[Date "20.02.2022"]
[Round "6"]
[White "Esipenko, Andrey"]
[Black "Nepomniachtchi, Ian"]
[Result "0-1"]
[WhiteElo "2714"]
[BlackElo "2773"]
[EventDate "2022.02.19"]

1. e4 e5 2. Nf3 Nc6 3. Bc4 Nf6 4. d3 Bc5 5. a4 a5 6. Be3 Bxe3 7. fxe3 d5 8.
exd5 Nxd5 9. Qd2 f6 10. Nc3 Nxc3 11. Qxc3 Qd6 12. Nd2 Qb4 13. Ne4 Ke7 14.
Bd5 Qxc3+ 15. bxc3 Nd8 16. Kd2 Be6 17. c4 f5 18. Ng5 Bd7 19. c5 Ra6 20. Nf3
Be6 21. e4 Kf6 22. Rhe1 f4 23. c3 c6 24. Bxe6 Nxe6 25. d4 exd4 26. cxd4 b6
27. cxb6 Rxb6 28. Rab1 Rhb8 29. Rxb6 Rxb6 30. Rc1 g5 31. Kd3 g4 32. Ne5
Rb3+ 33. Rc3 Nc5+ 34. Kc4 Rxc3+ 35. Kxc3 Nxe4+ 36. Kc4 h5 37. Nxc6 h4 38.
Ne5 Kf5 39. h3 gxh3 40. gxh3 Ng5 41. Kd3 Nxh3 42. Nf3 Kg4 43. Ne5+ Kg3 44.
d5 f3 45. Nc4 Nf4+ 46. Ke4 Nxd5 47. Kxd5 h3 0-1

[Event "Airthings Masters - Preliminari"]
[Site "Internet"]
[Date "20.02.2022"]
[Round "7"]
[White "Nepomniachtchi, Ian"]
[Black "Artemiev, Vladislav"]
[Result "1/2-1/2"]
[WhiteElo "2773"]
[BlackElo "2700"]
[EventDate "2022.02.19"]

1. e4 e5 2. Nf3 Nc6 3. Bc4 Be7 4. d4 d6 5. Nc3 Nf6 6. d5 Nb8 7. a4 O-O 8.
a5 c6 9. O-O cxd5 10. Bxd5 Nc6 11. a6 Nxd5 12. axb7 Bxb7 13. Nxd5 f5 14.
exf5 Rxf5 15. Be3 Qd7 16. Nd2 Nd4 17. Nxe7+ Qxe7 18. Bxd4 exd4 19. Nb3 Qh4
20. f3 Rh5 21. h3 Qg3 22. Qe1 Qg6 23. Nxd4 Rxh3 24. Qe6+ Qxe6 25. Nxe6 Rh6
26. Rfe1 Rf6 27. Nc7 Rc8 28. Re7 Kf8 29. Rae1 Bc6 30. Na6 Rf7 31. Rxf7+
Kxf7 32. Ra1 Bb7 33. Nb4 a6 34. c3 g5 35. Kf2 h5 36. Ra3 Rb8 37. Ra5 Kf6
38. Nd3 Bc8 39. Rd5 Rb6 40. Nb4 Bb7 41. Ra5 h4 42. g3 h3 43. g4 h2 44. Kg2
Rb5 45. Rxb5 axb5 46. Kxh2 Bxf3 47. Kg3 Bb7 48. Kf2 Bc8 49. Kf3 Bb7+ 50.
Ke3 Bc8 51. Kf3 Bb7+ 52. Ke3 Bc8 53. Kf3 1/2-1/2

[Event "Airthings Masters - Preliminari"]
[Site "Internet"]
[Date "20.02.2022"]
[Round "7"]
[White "Kosteniuk, Alexandra"]
[Black "Esipenko, Andrey"]
[Result "0-1"]
[WhiteElo "2516"]
[BlackElo "2714"]
[EventDate "2022.02.19"]

1. e4 e5 2. Nf3 Nc6 3. Bc4 Bc5 4. c3 Nf6 5. d4 exd4 6. cxd4 Bb4+ 7. Nbd2 d5
8. exd5 Nxd5 9. O-O O-O 10. Ne4 Be7 11. h3 Bf5 12. Re1 h6 13. Ng3 Bg6 14.
Ne5 Nxe5 15. dxe5 Nb4 16. Qg4 Kh8 17. Rd1 Qe8 18. Bf4 b5 19. Be2 c5 20. Rd2
Nc2 21. Rad1 Nd4 22. Bd3 a5 23. Be3 Bxd3 24. Rxd3 f5 25. exf6 Bxf6 26. Nh5
Ra6 27. Bxd4 cxd4 28. Rf3 Be5 29. Rxf8+ Qxf8 30. Re1 Qc5 31. Qd7 Ra8 32. f4
d3+ 33. Kh2 Bxb2 34. Re8+ Rxe8 35. Qxe8+ Kh7 36. Qe4+ g6 37. Qb7+ Kg8 38.
Qa8+ Kf7 39. Qb7+ Kf8 40. Qb8+ Ke7 41. Qb7+ Kd8 42. Qb8+ Ke7 43. Qb7+ Kf8
44. Qb8+ Kf7 45. Qb7+ Kg8 46. Qb8+ Qf8 47. Qxb5 gxh5 48. Qxb2 Qxf4+ 49. g3
Qd6 50. Qb3+ Kf8 51. Kg2 d2 52. Qf3+ Ke7 53. Qe4+ Kf6 54. Qf3+ Kg7 55. Qc3+
Kf8 56. Qf3+ Ke7 57. Qe4+ Qe6 58. Qb7+ Qd7 59. Qe4+ Kf6 60. Qf3+ Kg7 61.
Qc3+ Kh7 62. Qc2+ Kh8 63. Qc3+ Kg8 64. Qc4+ Kf8 65. Qc5+ Kg7 66. Qc3+ Kg6
67. Qc2+ Kf7 68. Qc4+ Ke7 69. Qe4+ Kd6 70. Qd4+ Kc7 71. Qa7+ Kc6 72. Qa6+
Kc5 73. Qxa5+ Kc4 74. Qa6+ Qb5 75. Qc8+ Kd4 76. Qh8+ Qe5 0-1